000 00734nam a2200193Ia 4500
003 GCL
008 140319s9999 xx 000 0 ara d
040 _aGCL /
_cGCL
082 0 4 _a341.37
_bار
100 1 _aرياض الاشقر
245 1 0 _aالمعاهدة المصرية الاسرائيلية وابعادها الاستراتيجية /
_cرياض الاشقر
260 _a[S.N] :
_bمؤسسة الدراسات الفلسطينية ،
_c1986
300 _a37 ص
490 _aاوراق مؤسسة الدراسات الفلسطسينية
_v0
650 0 4 _aالنزاع العربى الاسرائيلى
650 0 4 _aاتفاقيات كامب ديفيد
650 0 4 _aالقصة الفلسطينية
942 _2ddc
_cBK
999 _c41443
_d41443